Регионална библиотека "Любен Каравелов" - Русе

Българските гимназии и основни училища в Солун (Запис номер 341559)

MARC детайли
000 -Лидер
Контролно поле с фиксирана дължина 01222nam a2200301 c 4500
003 - Код на организацията, давaща контролен номер
Контролно поле BLK
005 - Дата и час на последна редакция
Контролно поле 20210407084638.0
008 - Елементи от данни с фиксирана дължина
fixed length control field 180911b bul|||||r ||||||| ||bul||
010 ## - Наследен системен номер
LC control number 001189
040 ## - Източник на каталожния запис
Идентификатор на билиотеката - собственик на записа BLK
041 ## - Код за език
Код за езика на текст/звукозапис или на отделно заглавие Български
Код за езика КДБФ Български
080 ## - УДК
УДК - код + определител 37.018.5(497.2)+949.72.05
100 1# - Редна дума - Автор
Автор КАНДИЛАРОВ, Георги
Авторска отговорност първи автор
R(LIN) 399282
245 00 - Сведения за заглавието
Заглавие Българските гимназии и основни училища в Солун
Подзаглавни данни По случай на 50-годишнината на Солунските български гимназии
260 ## - Област на издателските данни
Място на издаване, разпространение и проч. София
Име на издателя, разпространителя и проч. Макед. науч. инст.
Година на издаване 1930
Печатница П. Глушков
300 ## - Физическа характеристика
Страници 200 с.
Размери/Мащаб 24 см
380 ## - Жанр
Жанр Общ отдел
490 ## - СЕРИИ (Колекции)
Име на серия Частна колекция - Академик Михаил Арнаудов
Бележки за серията Дарение - Основен фонд
520 ## - Забележка за наличие на резюме, анотация и т.н
Анотация, рецензия, сканиран текст Михаил Арнаудов: негови-книга
520 ## - Забележка за наличие на резюме, анотация и т.н
Анотация, рецензия, сканиран текст Подчертавания в текста : с. 25 и др.
650 ## - Допълнително описание по предмет – тема
Основно описание – тема или топоним История
9 (RLIN) 399283
650 ## - Допълнително описание по предмет – тема
Основно описание – тема или топоним Училищно дело
9 (RLIN) 399284
655 ## - Ключова дума – жанр/разновидност
Данни за жанр/разновидност или ключова дума за фокус българско образование
700 1# - Други автори (авторска отговорност)
Лично име Георги Ст. Кандиларов
9 (RLIN) 399285
852 ## - Местоположение
Форматна сигнатура МА 2876
852 ## - Местоположение
Форматна сигнатура Цб 3.235.11431
Фондова буква Хранилище
999 ## - СИСТЕМНИ КОНТРОЛНИ НОМЕРА
Koha biblionumber 341559
Koha biblioitemnumber 341559
942 ## - АРТИКУЛИ
Вид на библиотечния материал Книги
Скрит в OPAC Не
Периодичен библиозапис Да
944 ## - СЪЗДАВАНЕ И РЕДАКЦИЯ на ЗАПИСА
Създаване/Редакция Създаване
Дата на регистрацията/редакция 1994
999 ## - СИСТЕМНИ КОНТРОЛНИ НОМЕРА
Koha biblioitemnumber 341559
999 ## - СИСТЕМНИ КОНТРОЛНИ НОМЕРА
Koha biblioitemnumber 341559
999 ## - СИСТЕМНИ КОНТРОЛНИ НОМЕРА
Koha biblioitemnumber 341559
Наличности
Код за отписване Код за изгубен артикул Източник на класификационната схема Код за повреда Коз за рестрикции Код за отдаване Артикулен № Име на библиотеката - собственик Име на библиотеката, в която се намира в момента Статус (Текущо местоположение) Местоположение - отдел Цена в лева Номерация (Хронология) Инвентарен номер Систематично азбучна сигнатура Баркод Номер на екземпляра Цена в евро Служебен тип на артикула Бележка за публиката Дата на вписване в системата
  Не е изгубен Universal Decimal Classification Не е повреден без рестрикции Специални фондове ( старопечатни, редки и ценни, фонд М. Арнаудов) 741524 Регионална библиотека "Любен Каравелов" Русе Регионална библиотека "Любен Каравелов" Русе Фонд "Михаил Арнаудов" Фонд "Михаил Арнаудов" 60.00   589434 МА 2876 120000589434 1 30.68 Книги ; Подчертавания в текста : с. 25 и др.;  
  Не е изгубен Universal Decimal Classification Не е повреден само за читалня ползва се в читалня 822643 Регионална библиотека "Любен Каравелов" Русе Регионална библиотека "Любен Каравелов" Русе Хранилище Основен фонд - ползва се само за читалня 0.16   11431 Цб 3.235.11431 900000045990   0.08 Книги   2021-04-13
Vip Innovations Ltd, Rousse, Bulgaria 2025